RHTest for management, 2 for use with the IBM PC and true compatibles with 3.5" drives

Αποθηκεύτηκε σε:
Λεπτομέρειες βιβλιογραφικής εγγραφής
Κύριος συγγραφέας: Bartol, Kathryn M.
Άλλοι συγγραφείς: Martin, David Clarke
Μορφή: Βιβλίο
Γλώσσα:English
Δημοσίευση: [s.l.] : McGraw-Hill, 1994
Θέματα:
Ετικέτες: Προσθήκη ετικέτας
Δεν υπάρχουν, Καταχωρήστε ετικέτα πρώτοι!

MARC

LEADER 00000nam a2200000 i 4500
001 1/57973
008 980520s1994 eng d
020 |a 0078337372 
035 |l 10028287 
040 |a GR-MY-UA  |b gre  |e aacr 
041 0 |a eng 
082 0 |a 658.00287 
100 1 |a Bartol, Kathryn M. 
245 1 0 |a RHTest for management, 2/e :  |b for use with the IBM PC and true compatibles with 3.5" drives /  |c Kathryn Bartol, David C. Martin 
260 |a [s.l.] :   |b McGraw-Hill,   |c 1994 
300 |e 4 disks 3.5" 
650 0 0 |a Management  |x Examinations. 
650 0 0 |a Management  |x Data processing. 
700 1 |a Martin, David Clarke. 
852 |a INST  |b CHIOS  |e 19980520  |h 658.00287 BAR  |p 005200016483  |q 005200016483  |t BK  |y 600 
852 |a INST  |b CHIOS  |e 19981103  |h 658.00287 BAR   |p 005200015358  |q 005200015358  |t BK  |y 0 
852 |a INST  |b CHIOS  |e 19981103  |h 658.00287 BAR   |p 005200015359  |q 005200015359  |t BK  |y 0 
852 |a INST  |b CHIOS  |e 19981103  |h 658.00287 BAR   |p 005200015360  |q 005200015360  |t BK  |y 0 
852 |a INST  |b CHIOS  |e 19981103  |h 658.00287 BAR   |p 005200015386  |q 005200015386  |t BK  |y 0 
901 |a BIBL-1998-2 
909 |a Χ  |b 054559 
909 |a Χ  |b 054560 
909 |a Χ  |b 054561 
909 |a Χ  |b 054562 
909 |a Χ  |b 054563 
922 |a 2ΕΛΗ  |b 199803  |c ΤΔΕ  |d ΠΑΠΑΣΩΤΗΡΙΟΥ